Biblioteca

íAló, aló! : (Registro nro. 60974)

Detalles MARC
000 -LÍDER
Campo fijo de descripción fija 00914aab a2200193 i 4500
001 - NÚMERO DE CONTROL
Campo de control 768714001
003 - IDENTIFICADOR DEL NÚMERO DE CONTROL
Campo de control CO-MdFUSB
005 - FECHA Y HORA DE LA ULTIMA TRANSACCIÓN
control field 20240424134502.0
008 - ELEMENTOS DE LONGITUD FIJA -- INFORMACIÓN GENERAL
Campo fijo de descripción fija -- Información general 220822t2005 ck |||| |||| 00| 0 spa d
040 ## - FUENTE DE CATALOGACIÓN
Idioma de catalogación spa
Agencia que realiza la transcripción CO-MdFUSB
041 ## - CÓDIGO DE IDIOMA
Código de idioma para texto/pista de sonido o título separado spa
100 1# - ASIENTO PRINCIPAL--NOMBRE PERSONAL
Nombre personal Romo, Victoria E
Término relacionador autor
245 10 - TÍTULO
Título íAló, aló! :
Subtitulo Apuntes Mujer Líder
Mención de responsabilidad / Victoria E. Romo
300 ## - DESCRIPCIÓN FÍSICA
Extensión Volumen 22, número 3 (abril - junio, 2005), páginas: 18 - 19
Dimensiones ; 27 cm
520 ## - NOTA DE RESUMEN, ETC.
Nota de sumario, etc. El teléfono debe ser contestado a la mayor brevedad posible.<br/>Es adecuado usar un volumen medio y una dicción clara.<br/>Quien contesta debe decir el nombre de la organización y saludar según la hora del día. Si responde desde un residencia, el trato debe ser igualmente amable.<br/>
653 ## - TÉRMINO DE INDIZACIÓN - NO CONTROLADO
Término no controlado Cortesía laboral
773 0# - ASIENTO DE ITEM FUENTE
Título Apuntes Pastorales
Biblionumber 49442
Itemnumber 60138
Parte(s) relacionada(s) / Volumen., número. (mes año), páginas Volumen 22, número 3 (abril - junio, 2005), páginas: 18 - 19
Enumeración y primera página página: 18
942 ## - TIPO DE MATERIAL (KOHA)
Tipo de Item KOHA Artículos de Revista
Existencias
Expurgo - (Retirado) Estado de Perdido Estado de Dañado No prestable Colección Ubicación habitual Ubicación actual Fecha de Adquisición Signatura Topográfica Tipo de Material
        Colección de Hemeroteca Biblioteca FUSBC Biblioteca FUSBC 26/01/2016 Artículos de Revista

Biblioteca FUSBC | Teléfono: (57+4) 349 88 10 Ext. 141| WhatsApp (+57) 3005338115 
E-mail: biblioteca@unisbc.edu.co | Calle 76 87-14 Robledo Palenque, Medellín, Colombia

Con tecnología Koha